|
|
|
|
| LEADER |
01448Cam#a22003495a#4500 |
| 001 |
020914 |
| 003 |
AR-BeUNQ |
| 005 |
20191031164805.0 |
| 008 |
090611s2009####ag # f#b #000|0#spa#d |
| 999 |
|
|
|c 20494
|d 95881
|
| 020 |
|
|
|a 9789875581692
|
| 040 |
|
|
|a AR-BeUNQ
|e aacr
|
| 082 |
0 |
4 |
|a 982.06
|2 21
|
| 100 |
1 |
|
|a Moreyra, Beatriz I
|
| 245 |
0 |
2 |
|a Cuestión social y políticas sociales en la Argentina :
|b la modernidad periférica. Córdoba, 1900-1930
|c Beatriz I. Moreyra.
|
| 250 |
|
|
|a 1a ed.
|
| 260 |
|
|
|a Bernal, Argentina :
|b Universidad Nacional de Quilmes,
|c c2009.
|
| 300 |
|
|
|a 393 p. ;
|c 23 cm.
|
| 490 |
0 |
|
|a Convergencia. Entre memoria y sociedad / Noemí M. Girbal-Blacha
|
| 504 |
|
|
|a Incluye referencias bibliográficas y bibliografía (p. 379-393).
|
| 650 |
|
7 |
|a Política social
|2 spines
|
| 650 |
|
7 |
|a Cambio sociocultural
|2 spines
|
| 650 |
|
7 |
|a Legislación social
|2 spines
|
| 651 |
|
7 |
|a Argentina
|2 spines
|
| 653 |
|
|
|a Historia argentina
|
| 653 |
|
|
|a Cuestión social
|
| 830 |
|
0 |
|a Convergencia. Entre memoria y sociedad (Universidad Nacional de Quilmes).
|
| 929 |
|
|
|a DONACION
|b Proveniente de: Editorial
|d 0
|e 20090608
|f PAT0030628
|g P115
|j 43872
|
| 929 |
|
|
|a DONACION
|b Proveniente de: Editorial
|d 0
|e 20090608
|f PAT0030629
|g P115
|j 43873
|
| 929 |
|
|
|a DONACION
|b Proveniente de: Editorial
|d 0
|e 20090608
|f PAT0030630
|g P115
|j 43874
|
| 929 |
|
|
|a DONACION
|b Proveniente de: Editorial
|d 0
|e 20090608
|f PAT0030631
|g P115
|j 43875
|
| 942 |
|
|
|c LIB
|n 0
|